000 01038cam a2200349 i 4500
001 4427913
003 ARRUPE
005 20150226182250.0
008 761227r1976 pau b 001 0 eng
010 _a76057655
020 _a091513828X :
035 _a(OCoLC)2695013
035 _a(OCoLC)ocm02695013
035 _a(NNC)4427913
040 _aDLC
_cDLC
_dNNUT
043 _ae-gx---
050 0 _aBR856
_b.C6 1976
090 _aBR856
_b.C6 1976
100 1 _aCochrane, Arthur C.
_915610
245 1 4 _aThe church's confession under Hitler /
_cby Arthur C. Cochrane.
250 _a2d ed.
260 _aPittsburgh :
_bPickwick Press,
_c1976.
300 _a325 p. ;
_c22 cm.
490 1 _aPittsburgh reprint series ;
_vno. 4
500 _aIncludes index.
504 _aBibliography: p. 307-320.
630 0 0 _aBarmer Theologische Erklärung.
_915611
650 0 _aChurch and state
_zGermany
_xHistory
_y1933-1945.
_915612
830 0 _aPittsburgh reprint series ;
_vno. 4.
_915613
942 _2lcc
_cMONOGRAPH
999 _c122221
_d122221